Wypisz wszystkich sąsiadów następujących krajów #5 - Statystyki

Ogólne statystyki
  • Ten quiz został rozwiązany 2 741 razy
    2 736 od ostatniego zresetowania
  • Średni wynik to 27 z 35
Statystyki odpowiedzi
Odpowiedź % Poprawnych
Polska
99%
Austria
97%
Belgia
97%
Francja
96%
Holandia
96%
Czechy
95%
Dania
94%
Szwajcaria
94%
Luksemburg
93%
Brazylia
92%
Bułgaria
91%
Węgry
91%
Chile
90%
Mołdawia
89%
Serbia
88%
Kolumbia
87%
Ukraina
86%
Boliwia
85%
Ekwador
81%
Uzbekistan
78%
Kazachstan
76%
Afganistan
75%
Iran
71%
Australia
66%
Senegal
61%
Mali
60%
Gwinea Bissau
58%
Fidżi
54%
Papua Nowa Gwinea
52%
Wybrzeże Kości Słoniowej
50%
Vanuatu
49%
Liberia
48%
Sierra Leone
48%
Tuvalu
46%
Nauru
45%
Nie znaleziono quizów pasujących do podanych kryteriów
Rozkład punktacji
Procent ludzi z każdym wynikiem
Percentyl według liczby udzielonych odpowiedzi
Twoja historia wyników
Nie rozwiązałeś tego quizu od ostatniego zresetowania